Manual de neuropsicología humana
Na minha lista:
| Autor principal: | |
|---|---|
| Formato: | Livro |
| Idioma: | espanhol |
| Publicado em: |
Madrid
Siglo Veintiuno
1995
|
| coleção: | Manuales Psicología
|
| Assuntos: | |
| Tags: |
Adicionar Tag
Sem tags, seja o primeiro a adicionar uma tag!
|
MARC
| LEADER | 00000nam a2200000 a 4500 | ||
|---|---|---|---|
| 001 | UCS0009 | ||
| 003 | CL-VaPUC | ||
| 008 | 970418e19950000SP |||||||||||||||||spa|d | ||
| 020 | |a 8432308854 | ||
| 082 | 0 | 4 | |a 612.8 |b LEO |2 21 |
| 100 | 0 | |a León-Carrión, José |e author |9 383075 | |
| 245 | 1 | 0 | |a Manual de neuropsicología humana |
| 300 | |a 557 p | ||
| 942 | |c BK | ||
| 945 | |d 19970418 00:00:00 |a rleighto | ||
| 260 | |a Madrid |b Siglo Veintiuno |c 1995 | ||
| 650 | 0 | |a Neuropsicología |9 270837 | |
| 650 | 7 | |a TRASTORNOS NEOROLOGICOS |2 CL-VaPUC |9 383076 | |
| 650 | 0 | |a Memoria |9 266549 | |
| 650 | 0 | |a Aprendizaje |9 254827 | |
| 650 | 0 | |a Psicología cognitiva |9 306250 | |
| 650 | 0 | |a Psicolingüística |9 283371 | |
| 650 | 0 | |a Trastornos del lenguaje |9 336278 | |
| 650 | 0 | |a Psicología clínica |9 307259 | |
| 583 | |a last modification |c 20130306 01:58:15 |k Rodrigo Vera | ||
| 490 | 0 | |a Manuales Psicología | |
| 999 | |c 258287 |d 258285 | ||
| 952 | |0 0 |1 0 |4 0 |6 612_800000000000000_LEO_1995 |7 0 |8 A |9 282269 |a BIBEDU |b BIBEDU |d 2019-11-19 |i 3300846 |l 3 |m 1 |o 612.8 LEO 1995 |p 3300846 |r 2022-12-06 |s 2022-11-14 |w 2019-11-19 |y BK |k PSI | ||